000 005150000a22001930004500
001 001763
003 MACL
005 20151001172655.0
008 151001b xxu||||| |||| 00| 0 eng d
040 _aMACL
_cMACL
041 _aEnglish
082 _a902/SIN
100 _aSingh, Mithilesh Kumar
_913167
245 _aJean Paul Sartre
_bOn Man, Society And Freedom
_cMithilesh Kumar Singh
260 _aNew Delhi
_c2005
_bRajat Publications,
350 _a450
650 _aMiscellany
_913168
942 _k902
_cBK
_2ddc
999 _c13680
_d13680